Central Library OPAC University of Rajshahi
Normal view MARC view

Entry Personal Name

Number of records used in: 2

001 - CONTROL NUMBER

  • control field: 7214

003 - CONTROL NUMBER IDENTIFIER

  • control field: BD-RjUL

005 - DATE AND TIME OF LATEST TRANSACTION

  • control field: 20230327104614.0

008 - FIXED-LENGTH DATA ELEMENTS

  • fixed length control field: 230327|| aca||aabn | a|a d

040 ## - CATALOGING SOURCE

  • Original cataloging agency: BD-RjUL
  • Transcribing agency: BD-RjUL

100 ## - HEADING--PERSONAL NAME

  • Personal name: ইসলাম, আকিকুল

670 ## - SOURCE DATA FOUND

  • Source citation: Work cat.: (BD-RjUL)81307: ইসলাম, আকিকুল, ড. মুহম্মদ শহীদুল্লাহর বাংলা সাহিত্যে গবেষণা /, ২০২১